| 000 | 00585nam a2200193 a 4500 | ||
|---|---|---|---|
| 005 | 20240919064545.0 | ||
| 008 | 040518s1990 mx r 000 0 spa d | ||
| 020 | _a8476582137 | ||
| 035 | _aUPN01000133500 | ||
| 049 | _aCG | ||
| 050 | 4 |
_aGE70 _bS8.4 |
|
| 100 | 1 | _aSureda, Jaume | |
| 245 | 1 | 0 |
_aGuía de la educación ambiental : _bfuentes documentales y conceptos básicos / _cJaume Sureda. |
| 260 |
_aBarcelona, Esp. : _bAnthropos, _c1990. |
||
| 300 | _a271 p. | ||
| 440 | 0 |
_aAutores, textos y temas ; _v12. _pPsicología |
|
| 650 | 4 |
_aEducación ambiental _94338 |
|
| 905 | _aLibro | ||
| 999 |
_c105651 _d105651 |
||